01411nam a2200337 a 4500001001200000003000800012006001900020007001500039008004100054010001700095015001500112020001800127020001800145040002100163035002100184050002400205082001100229100004900240245019100289260005800480300001900538504005100557533015200608650002000760655002900780700002300809700005100832710004700883710001700930856012600947ebr10231194CaPaEBRm u cr cn|||||||||761021s1958 mnua sb 001 0 eng d z 58009555  aGB58-16133 z9780816601547 z9780816661176 aCaPaEBRcCaPaEBR a(OCoLC)23358453614aRC280.B8bA5 1958eb04a618.191 aAnderson, V. Elvingq(Victor Elving),d1921-10aVariables related to human breast cancerh[electronic resource] :ba study from the Dight Institute of Human Genetics /c[by] V. Elving Anderson, Harold O. Goodman [and] Sheldon C. Reed. aMinneapolis :bUniversity of Minnesota Press,c[1958] a172 p. :bill. aIncludes bibliographical references and index. aElectronic reproduction.bPalo Alto, Calif. :cebrary,d2013.nAvailable via World Wide Web.nAccess may be limited to ebrary affiliated libraries. 0aBreastxCancer. 7aElectronic books.2local1 aGoodman, Harold O.1 aReed, Sheldon C.q(Sheldon Clark),d1910-2003.2 aUniversity of Minnesota.bDight Institute.2 aebrary, Inc.40uhttp://site.ebrary.com/lib/rucke/Doc?id=10231194zAn electronic book accessible through the World Wide Web; click to view